Economía política (Registro nro. 3976)

Detalles MARC
000 -LEADER
fixed length control field 01815 a2200241 4500
001 - CONTROL NUMBER
control field 45578
005 - DATE AND TIME OF LATEST TRANSACTION
control field 20260407155728.0
008 - FIXED-LENGTH DATA ELEMENTS--GENERAL INFORMATION
fixed length control field 260407a1973 arg spa d
003 - CONTROL NUMBER IDENTIFIER
control field AR-UNSa-BCEJYS
040 ## - CATALOGING SOURCE
Original cataloging agency AR-UNSa-BCEJYS
Language of cataloging spa
Transcribing agency AR-UNSa-BCEJYS
080 ## - UNIVERSAL DECIMAL CLASSIFICATION NUMBER
Universal Decimal Classification number 330.101
Common auxiliary subdivision Ciencia económica en general. La economía y sus problemas. Objeto y métodos de la economía política
020 ## - INTERNATIONAL STANDARD BOOK NUMBER
International Standard Book Number 978-84-344-0036-8
041 ## - LANGUAGE CODE
Language code of text/sound track or separate title spa
100 1# - MAIN ENTRY--PERSONAL NAME
Personal name Barre, Raymond
245 10 - TITLE STATEMENT
Title Economía política
250 ## - EDITION STATEMENT
Edition statement 7a. ed.
264 #1 - PRODUCTION, PUBLICATION, DISTRIBUTION, MANUFACTURE, AND COPYRIGHT NOTICE
Place of production, publication, distribution, manufacture Barcelona :
Name of producer, publisher, distributor, manufacturer Ariel
Date of production, publication, distribution, manufacture, or copyright notice 1973
300 ## - PHYSICAL DESCRIPTION
Extent 2 v. (520 ; 667 p.)
Dimensions 23 cm.
505 ## - FORMATTED CONTENTS NOTE
Formatted contents note Vol.I: INTRODUCCIÓN GENERAL : 1. Objeto e historia de la ciencia económica – 2. La evolución histórica de la actividad económica – 3. La actividad económica en el marco de la nación - - PRIMERA PARTE : El producto nacional : 1. La formación del producto nacional – 2. Los precios de los bienes y servicios - - Vol.II: SEGUNDA PARTE : La renta nacional : Su distribución : 1. Aspectos generales de la teoría de la distribución – 2. La distribución de la renta en una economía descentralizada capitalista – 3. La distribución de la renta en una economía centralizada colectivista - - TERCERA PARTE : El gasto nacional : 1. El dinero – 2. El gasto nacional y la teoría general de la renta global – 3. El gasto nacional y el nivel general de los precios – 4. El gasto nacional en las economías colectivistas centralizadas - - CUARTA PARTE : La actividad económica y las relaciones económicas internacionales : 1. Estructura económica y balanzas de pagos – 2. La teoría de los cambios internacionales – 3. Las políticas comerciales : Evolución y métodos.
590 ## - LOCAL NOTE (RLIN)
Local note niveau_biblio:m niveau_hierar:0
700 1# - ADDED ENTRY--PERSONAL NAME
Personal name Garcia Lomas, Jose Ignacio
942 ## - ADDED ENTRY ELEMENTS (KOHA)
Koha item type
Existencias
Withdrawn status Lost status Damaged status Not for loan Home library Current library Shelving location Date acquired Total checkouts Full call number Barcode Date last seen Price effective from Koha item type
        Biblioteca Prof. Eusebio Cleto del Rey Biblioteca Prof. Eusebio Cleto del Rey   07/04/2026   330.101 B271 v.1 7ed. L12453 07/04/2026 07/04/2026 Libro
        Biblioteca Prof. Eusebio Cleto del Rey Biblioteca Prof. Eusebio Cleto del Rey   07/04/2026   330.101 B271 v.1 7ed. L12454 07/04/2026 07/04/2026 Libro
        Biblioteca Prof. Eusebio Cleto del Rey Biblioteca Prof. Eusebio Cleto del Rey   07/04/2026   330.101 B271 v.2 7ed. L12455 07/04/2026 07/04/2026 Libro
        Biblioteca Prof. Eusebio Cleto del Rey Biblioteca Prof. Eusebio Cleto del Rey   07/04/2026   330.101 B271 v.2 7ed. L12456 07/04/2026 07/04/2026 Libro